[Event "XVI. DBMM Schach"]
[Site "Dresden"]
[Date "2016.11.05"]
[Round "5.1"]
[White "Choinowski, Gustav"]
[Black "Scheffner, Axel"]
[Result "0-1"]
[WhiteElo "2088"]
[BlackElo "2249"]
[Annotator "br"]
[PlyCount "68"]
[EventDate "2016.11.??"]
[SourceTitle "XVI. DBMM 2016"]
[Source "FV Schach e.V."]
[SourceDate "2017.06.14"]
[SourceVersion "1"]
[SourceVersionDate "2017.06.14"]
[SourceQuality "1"]
[WhiteTeam "RAPID Unilever Hamburg"]
[BlackTeam "Vodafone Duesseldorf"]
[WhiteTeamCountry "GER"]
[BlackTeamCountry "GER"]

1. d4 d5 2. c4 c6 3. Nf3 Nf6 4. Nc3 a6 5. e3 Bg4 6. Bd3 e6 7. O-O Be7 8. b3 O-O
9. Bb2 b5 10. c5 Nbd7 11. Be2 Qc7 12. b4 a5 13. a3 Bf5 14. Nd2 e5 15. g4 exd4
16. exd4 axb4 17. axb4 Rxa1 18. Bxa1 Be6 19. f4 Nb8 20. f5 Bc8 21. g5 Ne8 22.
f6 gxf6 23. gxf6 Bxf6 24. Bd3 Qe7 25. Kh1 Qe3 26. Rf3 Qh6 27. Bxb5 cxb5 28.
Nxd5 Bb7 29. c6 Bxc6 30. Nxf6+ Nxf6 31. d5 Bxd5 32. Qg1+ Kh8 33. Qg4 Nbd7 34.
Bc3 Qe3 0-1

[Event "XVI. DBMM Schach"]
[Site "Dresden"]
[Date "2016.11.05"]
[Round "5.2"]
[White "Tochtrop, Matthias"]
[Black "Neander, Swen"]
[Result "1/2-1/2"]
[WhiteElo "2174"]
[BlackElo "1992"]
[Annotator "br"]
[PlyCount "45"]
[EventDate "2016.11.??"]
[SourceTitle "XVI. DBMM 2016"]
[Source "FV Schach e.V."]
[SourceDate "2017.06.14"]
[SourceVersion "1"]
[SourceVersionDate "2017.06.14"]
[SourceQuality "1"]
[WhiteTeam "Vodafone Duesseldorf"]
[BlackTeam "RAPID Unilever Hamburg"]
[WhiteTeamCountry "GER"]
[BlackTeamCountry "GER"]

1. e4 e6 2. d3 d5 3. Qe2 Be7 4. Nf3 Nf6 5. g3 O-O 6. Bg2 c5 7. O-O Nc6 8. e5
Ne8 9. c4 Nc7 10. Nc3 Nd4 11. Qd1 f6 12. Nxd4 cxd4 13. exf6 Bxf6 14. Ne2 Kh8
15. Qb3 a5 16. Bd2 a4 17. Qc2 Bd7 18. Nf4 dxc4 19. dxc4 Bc6 20. Be4 Bxe4 21.
Qxe4 Qd7 22. b4 Qc6 23. Qxc6 1/2-1/2

[Event "XVI. DBMM Schach"]
[Site "Dresden"]
[Date "2016.11.05"]
[Round "5.3"]
[White "Bissinger, Gerhard"]
[Black "Kludszuweit, Kim Ira"]
[Result "1/2-1/2"]
[WhiteElo "1608"]
[BlackElo "1637"]
[Annotator "br"]
[PlyCount "21"]
[EventDate "2016.11.??"]
[SourceTitle "XVI. DBMM 2016"]
[Source "FV Schach e.V."]
[SourceDate "2017.06.14"]
[SourceVersion "1"]
[SourceVersionDate "2017.06.14"]
[SourceQuality "1"]
[WhiteTeam "RAPID Unilever Hamburg"]
[BlackTeam "Vodafone Duesseldorf"]
[WhiteTeamCountry "GER"]
[BlackTeamCountry "GER"]

1. e4 c5 2. Nf3 Nc6 3. d4 cxd4 4. Nxd4 e5 5. Nb3 Nf6 6. Nc3 Bb4 7. Bd2 Bxc3 8.
Bxc3 O-O 9. Bd3 b6 10. O-O Bb7 11. f3 1/2-1/2

[Event "XVI. DBMM Schach"]
[Site "Dresden"]
[Date "2016.11.05"]
[Round "5.4"]
[White "Renzelmann, Volker"]
[Black "Kazemi Sresht, Rashid"]
[Result "1/2-1/2"]
[WhiteElo "1369"]
[BlackElo "1743"]
[Annotator "br"]
[PlyCount "106"]
[EventDate "2016.11.??"]
[SourceTitle "XVI. DBMM 2016"]
[Source "FV Schach e.V."]
[SourceDate "2017.06.14"]
[SourceVersion "1"]
[SourceVersionDate "2017.06.14"]
[SourceQuality "1"]
[WhiteTeam "Vodafone Duesseldorf"]
[BlackTeam "RAPID Unilever Hamburg"]
[WhiteTeamCountry "GER"]
[BlackTeamCountry "GER"]

1. d4 d5 2. c4 c6 3. Nc3 Nf6 4. Nf3 e6 5. Bf4 Bb4 6. e3 Nbd7 7. Qc2 Qa5 8. a3
Ne4 9. Nd2 Bxc3 10. bxc3 Qxc3 11. Qxc3 Nxc3 12. Bd3 Nf6 13. f3 O-O 14. O-O dxc4
15. Nxc4 Ncd5 16. Be5 Nd7 17. Bg3 b5 18. Ne5 Nxe5 19. Bxe5 Nxe3 20. Rfc1 Bb7
21. Kf2 Nd5 22. Rab1 a5 23. Bd6 Rfc8 24. Bc5 f5 25. g3 Kf7 26. h4 g6 27. f4 Nf6
28. Re1 Ng4+ 29. Kg1 Rd8 30. Be2 Ne3 31. Rb2 Nd5 32. Bf3 Re8 33. Rbe2 h5 34.
Bxd5 cxd5 35. Rb2 Bc6 36. Rc1 Rec8 37. Kf2 Bd7 38. Ke3 Rab8 39. Ra1 $11 b4 40.
axb4 axb4 41. Ra7 Ke8 42. Rxb4 Rxb4 43. Bxb4 Rb8 44. Bc5 Kd8 45. Ra3 Bc6 46.
Rc3 Kd7 47. Ra3 Ra8 48. Rxa8 Bxa8 49. Ba7 Kc6 50. Bb8 Bb7 51. Be5 Ba6 52. Kd2
Kb5 53. Kc3 Ka4 1/2-1/2

[Event "XVI. DBMM Schach"]
[Site "Dresden"]
[Date "2016.11.05"]
[Round "5.1"]
[White "Bangert, Udo"]
[Black "Walther, Hans Wolfgang"]
[Result "0-1"]
[WhiteElo "1905"]
[BlackElo "2033"]
[Annotator "br"]
[PlyCount "96"]
[EventDate "2016.11.??"]
[SourceTitle "XVI. DBMM 2016"]
[Source "FV Schach e.V."]
[SourceDate "2017.06.14"]
[SourceVersion "1"]
[SourceVersionDate "2017.06.14"]
[SourceQuality "1"]
[WhiteTeam "SG Stern Stuttgart"]
[BlackTeam "Deutsche Bahn/BSW Berlin II"]
[WhiteTeamCountry "GER"]
[BlackTeamCountry "GER"]

1. e4 e5 2. Bc4 Nc6 3. Nf3 Bc5 4. O-O d6 5. h3 Nf6 6. d3 O-O 7. a4 Qe7 8. c3 a5
9. Re1 Bb6 10. Nbd2 Nb8 11. Nf1 c6 12. Bb3 Nbd7 13. Ng3 Nc5 14. Bc2 g6 15. Bh6
Rd8 16. Bg5 Ne6 17. Qd2 Kh8 18. d4 Nxg5 19. Qxg5 Bc7 20. Rad1 Bd7 21. Rd2 Be8
22. Red1 Rdc8 23. h4 Ng8 24. Qe3 h5 25. Bb3 Kg7 26. Ng5 Nh6 27. f3 Bb6 28. Kh1
f6 29. Ne6+ Kh7 30. Qd3 Bf7 31. d5 Bxe6 32. dxe6 Rd8 33. Ne2 f5 34. g3 f4 35.
gxf4 Qxh4+ 36. Kg2 Qf2+ 37. Kh3 Be3 38. Ng1 Bxd2 39. Rxd2 Qxg1 40. e7 Rd7 41.
Rg2 Qc5 42. fxe5 Qxe5 43. f4 Qxe7 44. f5 g5 45. f6 g4+ 46. Kh2 Qe5+ 47. Kg1 Rf8
48. Rf2 h4 0-1

[Event "XVI. DBMM Schach"]
[Site "Dresden"]
[Date "2016.11.05"]
[Round "5.2"]
[White "Stahr, Ralf Peter"]
[Black "Wepfer, Bernd"]
[Result "1/2-1/2"]
[WhiteElo "2018"]
[BlackElo "1887"]
[Annotator "br"]
[PlyCount "58"]
[EventDate "2016.11.??"]
[SourceTitle "XVI. DBMM 2016"]
[Source "FV Schach e.V."]
[SourceDate "2017.06.14"]
[SourceVersion "1"]
[SourceVersionDate "2017.06.14"]
[SourceQuality "1"]
[WhiteTeam "Deutsche Bahn/BSW Berlin II"]
[BlackTeam "SG Stern Stuttgart"]
[WhiteTeamCountry "GER"]
[BlackTeamCountry "GER"]

1. c4 g6 2. Nc3 Bg7 3. Nf3 Nf6 4. e4 d6 5. d4 O-O 6. Be2 e5 7. O-O Na6 8. Be3
Ng4 9. Bg5 f6 10. Bd2 Nh6 11. d5 Nf7 12. a3 c5 13. dxc6 bxc6 14. Na4 d5 15.
cxd5 cxd5 16. exd5 Qxd5 17. Bc3 Nc7 18. b4 Bf5 19. Nc5 g5 20. Qa4 a5 21. Qb3
Qxb3 22. Nxb3 Nd5 23. Bd2 axb4 24. axb4 Rab8 25. Bc4 Nxb4 26. Ra7 Bd3 27. Rc1
Bxc4 28. Rxc4 Nd3 29. Nc1 Nxc1 1/2-1/2

[Event "XVI. DBMM Schach"]
[Site "Dresden"]
[Date "2016.11.05"]
[Round "5.3"]
[White "Molzan, Andreas"]
[Black "Fitzke, Ulrich"]
[Result "0-1"]
[WhiteElo "1255"]
[BlackElo "1898"]
[Annotator "br"]
[PlyCount "78"]
[EventDate "2016.11.??"]
[SourceTitle "XVI. DBMM 2016"]
[Source "FV Schach e.V."]
[SourceDate "2017.06.14"]
[SourceVersion "1"]
[SourceVersionDate "2017.06.14"]
[SourceQuality "1"]
[WhiteTeam "SG Stern Stuttgart"]
[BlackTeam "Deutsche Bahn/BSW Berlin II"]
[WhiteTeamCountry "GER"]
[BlackTeamCountry "GER"]

1. e4 c5 2. Nf3 d6 3. d4 cxd4 4. Nxd4 Bd7 5. Nc3 Nc6 6. Be3 Nf6 7. Qd2 Ng4 8.
Bc4 Nxe3 9. Qxe3 Qb6 10. O-O-O e6 11. Nce2 Be7 12. Qb3 Qxb3 13. Bxb3 Na5 14. a3
e5 15. Nf3 Nxb3+ 16. cxb3 O-O 17. Kb1 Bg4 18. h3 Bxf3 19. gxf3 f5 20. Rdf1 Rad8
21. Nc3 $11 Bh4 22. Rh2 fxe4 23. fxe4 Rf3 24. b4 a6 25. Kc1 Rdf8 26. Nd1 R8f4
27. Nc3 Bxf2 28. Nd5 Be3+ 29. Nxe3 Rxe3 30. Rxf4 exf4 31. Rf2 Rxe4 32. Kd2 g5
33. Kd3 Re3+ 34. Kd4 Rxh3 35. Ke4 Kf7 36. Kf5 h6 37. Kg4 Re3 38. Rc2 Kg6 39.
Rd2 h5# 0-1

[Event "XVI. DBMM Schach"]
[Site "Dresden"]
[Date "2016.11.05"]
[Round "5.4"]
[White "Strauss, Peter"]
[Black "Salomon, Hendrik"]
[Result "1-0"]
[WhiteElo "1803"]
[BlackElo "1200"]
[Annotator "br"]
[PlyCount "125"]
[EventDate "2016.11.??"]
[SourceTitle "XVI. DBMM 2016"]
[Source "FV Schach e.V."]
[SourceDate "2017.06.14"]
[SourceVersion "1"]
[SourceVersionDate "2017.06.14"]
[SourceQuality "1"]
[WhiteTeam "Deutsche Bahn/BSW Berlin II"]
[BlackTeam "SG Stern Stuttgart"]
[WhiteTeamCountry "GER"]
[BlackTeamCountry "GER"]

1. d4 d5 2. c4 e6 3. Nc3 Nf6 4. Bg5 Be7 5. Nf3 Ne4 6. Bxe7 Qxe7 7. Qc2 Nxc3 8.
Qxc3 b6 9. cxd5 exd5 10. Rc1 O-O 11. Qxc7 Qb4+ 12. Qc3 Qxc3+ 13. Rxc3 Ba6 14.
e3 Bxf1 15. Rxf1 Nd7 16. Kd2 Nf6 17. Rc7 h6 18. Ne5 Ne4+ 19. Ke2 h5 20. Rfc1
Ng5 21. Nc6 a5 22. Ne7+ Kh7 23. Nxd5 b5 24. Nf4 Ra6 25. R1c5 Ne6 26. Rxh5+ Kg8
27. Nxe6 Rxe6 28. Rxb5 Ra8 29. Rbb7 Rf6 30. Ra7 Rxa7 31. Rxa7 Rb6 32. b3 a4 33.
Rxa4 Rh6 34. h3 Rg6 35. g3 Rc6 36. Rc4 Re6 37. a4 Kf8 38. b4 Ke7 39. Rc7+ Ke8
40. a5 Ra6 41. d5 f6 42. Rxg7 Kd8 43. e4 Kc8 44. f4 Rd6 45. Rf7 Kd8 46. Ke3 Ke8
47. Ra7 Rd8 48. b5 Rb8 49. b6 Kd8 50. Rh7 Kc8 51. Rf7 Ra8 52. Rf8+ Kb7 53. Rxa8
Kxa8 54. a6 Kb8 55. Kd4 Kc8 56. Kc5 f5 57. e5 Kd7 58. a7 Ke7 59. b7 Kd7 60.
a8=Q Ke7 61. b8=Q Kf7 62. Qg8+ Ke7 63. Qae8# 1-0

[Event "XVI. DBMM Schach"]
[Site "Dresden"]
[Date "2016.11.05"]
[Round "5.1"]
[White "Lau, Peter"]
[Black "Ungerer, Markus"]
[Result "1/2-1/2"]
[WhiteElo "1801"]
[BlackElo "2125"]
[Annotator "br"]
[PlyCount "51"]
[EventDate "2016.11.??"]
[SourceTitle "XVI. DBMM 2016"]
[Source "FV Schach e.V."]
[SourceDate "2017.06.14"]
[SourceVersion "1"]
[SourceVersionDate "2017.06.14"]
[SourceQuality "1"]
[WhiteTeam "Sparkassen-Versicherung Stuttgart II"]
[BlackTeam "W&W Wuestenrot & Wuerttemb. Stuttgart"]
[WhiteTeamCountry "GER"]
[BlackTeamCountry "GER"]

1. e4 c5 2. Nc3 Nc6 3. g3 e5 4. Bg2 Nf6 5. d3 Be7 6. f4 d6 7. Nf3 Bg4 8. h3
Bxf3 9. Bxf3 Qd7 10. Bg2 O-O-O 11. O-O h5 12. f5 Kb8 13. Be3 Nd4 14. Ne2 Qa4
15. b3 Qa6 16. c4 Rdg8 17. Nxd4 cxd4 18. Bg5 Bd8 19. Qd2 Nh7 20. Bxd8 Rxd8 21.
b4 Rc8 22. a4 Qb6 23. Bf3 Qd8 24. Kg2 h4 25. g4 Qg5 26. Qxg5 1/2-1/2

[Event "XVI. DBMM Schach"]
[Site "Dresden"]
[Date "2016.11.05"]
[Round "5.2"]
[White "Peck, Malcolm"]
[Black "Wirth, Volker"]
[Result "1-0"]
[WhiteElo "1797"]
[BlackElo "1717"]
[Annotator "br"]
[PlyCount "42"]
[EventDate "2016.11.??"]
[SourceTitle "XVI. DBMM 2016"]
[Source "FV Schach e.V."]
[SourceDate "2017.06.14"]
[SourceVersion "1"]
[SourceVersionDate "2017.06.14"]
[SourceQuality "1"]
[WhiteTeam "W&W Wuestenrot & Wuerttemb. Stuttgart"]
[BlackTeam "Sparkassen-Versicherung Stuttgart II"]
[WhiteTeamCountry "GER"]
[BlackTeamCountry "GER"]

1. d4 d5 2. Nf3 Nf6 3. e3 e6 4. Bd3 Be7 5. Nbd2 O-O 6. Qe2 c5 7. c3 b6 8. e4
cxd4 9. e5 dxc3 10. bxc3 Nfd7 11. O-O Bb7 12. Nd4 Qc7 13. f4 Qxc3 14. N2b3 Nc5
15. Bxh7+ Kxh7 16. Rf3 Ba6 17. Qd1 Qxf3 18. Qxf3 Nxb3 19. Qh3+ Kg8 20. axb3 Bc5
21. Be3 Nc6 1-0

[Event "XVI. DBMM Schach"]
[Site "Dresden"]
[Date "2016.11.05"]
[Round "5.3"]
[White "Brethauer, Tim"]
[Black "Topol, Martin"]
[Result "1-0"]
[WhiteElo "1641"]
[BlackElo "1362"]
[Annotator "br"]
[PlyCount "33"]
[EventDate "2016.11.??"]
[SourceTitle "XVI. DBMM 2016"]
[Source "FV Schach e.V."]
[SourceDate "2017.06.14"]
[SourceVersion "1"]
[SourceVersionDate "2017.06.14"]
[SourceQuality "1"]
[WhiteTeam "Sparkassen-Versicherung Stuttgart II"]
[BlackTeam "W&W Wuestenrot & Wuerttemb. Stuttgart"]
[WhiteTeamCountry "GER"]
[BlackTeamCountry "GER"]

1. e4 c5 2. Nf3 Nc6 3. Bb5 a6 4. Bxc6 bxc6 5. O-O d5 6. d3 Qc7 7. b3 Bg4 8. Bb2
d4 9. Nbd2 e5 10. Rc1 Bd6 11. Nc4 Ne7 12. Nxd6+ Qxd6 13. c3 O-O 14. Ba3 f5 15.
cxd4 fxe4 16. Bxc5 Qe6 17. dxe4 1-0

[Event "XVI. DBMM Schach"]
[Site "Dresden"]
[Date "2016.11.05"]
[Round "5.4"]
[White "Uhlarz, Joerg"]
[Black "Dreisbach, Kai"]
[Result "1-0"]
[WhiteElo "1743"]
[BlackElo "1500"]
[Annotator "br"]
[PlyCount "119"]
[EventDate "2016.11.??"]
[SourceTitle "XVI. DBMM 2016"]
[Source "FV Schach e.V."]
[SourceDate "2017.06.14"]
[SourceVersion "1"]
[SourceVersionDate "2017.06.14"]
[SourceQuality "1"]
[WhiteTeam "W&W Wuestenrot & Wuerttemb. Stuttgart"]
[BlackTeam "Sparkassen-Versicherung Stuttgart II"]
[WhiteTeamCountry "GER"]
[BlackTeamCountry "GER"]

1. d4 d5 2. c4 Nf6 3. Nc3 Nc6 4. Nf3 e6 5. g3 Bb4 6. Bg2 dxc4 7. a4 Nd5 8. Qc2
Na5 9. Rb1 Bd7 10. O-O Nb3 11. Ne5 Nxc1 12. Rfxc1 Nb6 13. Bxb7 Rb8 14. Nc6 Bxc6
15. Bxc6+ Ke7 16. e3 Qd6 17. Bg2 a5 18. Nb5 Qd7 19. Na7 Kf8 20. Nc6 Rc8 21. Ra1
g6 22. Nxb4 axb4 23. a5 b3 24. Qe2 Nd5 25. Qxc4 Kg7 26. e4 Ne7 27. Rd1 Rb8 28.
d5 e5 29. h4 Rhc8 30. Kh2 f5 31. Qc3 Qd6 32. f4 Kf6 33. a6 Ra8 34. a7 fxe4 35.
Bxe4 Nf5 36. Rf1 Re8 37. g4 Kf7 38. gxf5 exf4 39. fxg6+ hxg6 40. Qf3 Kg7 41.
Rg1 Rxe4 42. Qxe4 f3+ 43. Kh3 f2 44. Rg5 Rxa7 45. Qd4+ Qf6 46. Qxf6+ Kxf6 47.
Rf1 Ra6 48. Rxf2+ Kg7 49. Re5 Rd6 50. Re7+ Kh6 51. Rf8 g5 52. Re6+ Kg7 53. Rxd6
cxd6 54. Rf3 gxh4 55. Kxh4 Kg6 56. Kg4 Kg7 57. Kg5 Kh7 58. Rf7+ Kh8 59. Kg6 Kg8
60. Rf6 1-0

[Event "XVI. DBMM Schach"]
[Site "Dresden"]
[Date "2016.11.05"]
[Round "5.1"]
[White "Hartmann, Jens"]
[Black "Decker, Ingo"]
[Result "1/2-1/2"]
[WhiteElo "1804"]
[BlackElo "1668"]
[Annotator "br"]
[PlyCount "89"]
[EventDate "2016.11.??"]
[SourceTitle "XVI. DBMM 2016"]
[Source "FV Schach e.V."]
[SourceDate "2017.06.14"]
[SourceVersion "1"]
[SourceVersionDate "2017.06.14"]
[SourceQuality "1"]
[WhiteTeam "Baubehörde Hamburg II"]
[BlackTeam "SG Airbus Bremen"]
[WhiteTeamCountry "GER"]
[BlackTeamCountry "GER"]

1. e4 e5 2. Nf3 Nc6 3. Bc4 Bc5 4. O-O Nf6 5. d3 h6 6. Be3 Bxe3 7. fxe3 O-O 8.
Nc3 d6 9. Qe2 a6 10. h3 Qe8 11. Nh4 Be6 12. Nd5 Bxd5 13. Bxd5 Nxd5 14. exd5 Ne7
15. e4 c6 16. dxc6 bxc6 17. Rf2 Qd7 18. Raf1 Qe6 19. b3 Rad8 20. Rf3 Kh7 21.
Qf2 f6 22. Rg3 d5 23. exd5 cxd5 24. Re3 d4 25. Re2 g5 26. Nf3 Kg7 27. a4 Qd6
28. Nd2 Nd5 29. Nc4 Qc7 30. Qf3 Nb6 31. Qe4 Nxc4 32. dxc4 Qb6 $11 33. Qd3 Qc5
34. Ref2 Qc6 35. Re1 Rde8 36. Rfe2 Qc5 37. Kf1 Re7 38. c3 dxc3 39. Qxc3 Rd8 40.
Rd2 Red7 41. Red1 Rd4 42. Rxd4 exd4 43. Qd3 f5 44. Re1 Kf6 45. Re2 1/2-1/2

[Event "XVI. DBMM Schach"]
[Site "Dresden"]
[Date "2016.11.05"]
[Round "5.2"]
[White "Jacobsen, Ruediger"]
[Black "Hoffeins, Hans Werner"]
[Result "0-1"]
[WhiteElo "1524"]
[BlackElo "1441"]
[Annotator "br"]
[PlyCount "60"]
[EventDate "2016.11.??"]
[SourceTitle "XVI. DBMM 2016"]
[Source "FV Schach e.V."]
[SourceDate "2017.06.14"]
[SourceVersion "1"]
[SourceVersionDate "2017.06.14"]
[SourceQuality "1"]
[WhiteTeam "SG Airbus Bremen"]
[BlackTeam "Baubehörde Hamburg II"]
[WhiteTeamCountry "GER"]
[BlackTeamCountry "GER"]

1. e4 d6 2. Nc3 g6 3. d4 Bg7 4. Nf3 Nf6 5. h3 O-O 6. Bc4 c6 7. O-O b5 8. Bd3 a5
9. Ne2 b4 10. c3 Ba6 11. Bxa6 Nxa6 12. Ng3 c5 13. Be3 Nd7 14. Qc2 Nb6 15. Rad1
Qc7 16. dxc5 dxc5 17. c4 a4 18. b3 a3 19. Ne2 Rad8 20. Nf4 Rxd1 21. Rxd1 e6 22.
Nd3 Rd8 23. Nde1 Rxd1 24. Qxd1 Qd7 25. Qxd7 Nxd7 26. Nd3 Bf8 27. Nfe5 Nb6 28.
Nc6 Nxc4 29. Bc1 Nb6 30. Na5 Nc7 0-1

[Event "XVI. DBMM Schach"]
[Site "Dresden"]
[Date "2016.11.05"]
[Round "5.3"]
[White "Lindemann, Thomas"]
[Black "Mikoteit, Siegfried"]
[Result "0-1"]
[WhiteElo "1536"]
[BlackElo "1288"]
[Annotator "br"]
[PlyCount "38"]
[EventDate "2016.11.??"]
[SourceTitle "XVI. DBMM 2016"]
[Source "FV Schach e.V."]
[SourceDate "2017.06.14"]
[SourceVersion "1"]
[SourceVersionDate "2017.06.14"]
[SourceQuality "1"]
[WhiteTeam "Baubehörde Hamburg II"]
[BlackTeam "SG Airbus Bremen"]
[WhiteTeamCountry "GER"]
[BlackTeamCountry "GER"]

1. e4 e5 2. Bc4 Nf6 3. d3 h6 4. f4 Nc6 5. Nf3 d6 6. O-O Bg4 7. Qe1 a6 8. a3
Bxf3 9. Rxf3 Nd4 10. Rf2 Ng4 11. fxe5 Nxf2 12. Qxf2 Ne6 13. Bxe6 fxe6 14. d4
dxe5 15. Be3 Qd7 16. Nc3 exd4 17. Bxd4 O-O-O 18. Bxg7 Qxg7 19. Qa7 Qd4+ 0-1

[Event "XVI. DBMM Schach"]
[Site "Dresden"]
[Date "2016.11.05"]
[Round "5.1"]
[White "Baudrexel, Peter"]
[Black "Warnest, Stefan"]
[Result "1/2-1/2"]
[WhiteElo "1836"]
[BlackElo "1467"]
[Annotator "br"]
[PlyCount "78"]
[EventDate "2016.11.??"]
[SourceTitle "XVI. DBMM 2016"]
[Source "FV Schach e.V."]
[SourceDate "2017.06.14"]
[SourceVersion "1"]
[SourceVersionDate "2017.06.14"]
[SourceQuality "1"]
[WhiteTeam "ADAC Muenchen II"]
[BlackTeam "BA Tempelhof Berlin III"]
[WhiteTeamCountry "GER"]
[BlackTeamCountry "GER"]

1. d4 Nf6 2. Nf3 g6 3. c4 d5 4. Nc3 Bg7 5. cxd5 Nxd5 6. e4 Nxc3 7. bxc3 O-O 8.
Rb1 c5 9. Be3 cxd4 10. cxd4 Qa5+ 11. Qd2 Qxd2+ 12. Bxd2 Nc6 13. d5 Nd4 14. Nxd4
Bxd4 $11 15. Bc4 b6 16. Bb4 Bf6 17. f4 a5 18. Ba3 Bc3+ 19. Ke2 Bb4 20. Bxb4
axb4 21. Rxb4 Ba6 22. Bxa6 Rxa6 23. a4 Rfa8 24. Ra1 b5 25. Rxb5 Rxa4 26. Rxa4
Rxa4 $11 27. Kf3 f6 28. Rb3 Rd4 29. Ke3 Rd1 30. Rd3 Re1+ 31. Kd4 Re2 32. Rg3
Kf7 33. h4 Rf2 34. Ke3 Ra2 35. Kf3 Rd2 36. Ke3 Ra2 37. e5 f5 38. Kd4 Rd2+ 39.
Kc5 Rc2+ 1/2-1/2

[Event "XVI. DBMM Schach"]
[Site "Dresden"]
[Date "2016.11.05"]
[Round "5.2"]
[White "Meseck, Michael"]
[Black "Obermeier, Karlheinz"]
[Result "1/2-1/2"]
[WhiteElo "1529"]
[BlackElo "1525"]
[Annotator "br"]
[PlyCount "65"]
[EventDate "2016.11.??"]
[SourceTitle "XVI. DBMM 2016"]
[Source "FV Schach e.V."]
[SourceDate "2017.06.14"]
[SourceVersion "1"]
[SourceVersionDate "2017.06.14"]
[SourceQuality "1"]
[WhiteTeam "BA Tempelhof Berlin III"]
[BlackTeam "ADAC Muenchen II"]
[WhiteTeamCountry "GER"]
[BlackTeamCountry "GER"]

1. d4 d5 2. c4 dxc4 3. e4 e6 4. Bxc4 Nc6 5. Nf3 Bb4+ 6. Nc3 Nf6 7. Qd3 a6 8. a3
Bxc3+ 9. bxc3 b5 10. Bb3 h6 11. O-O Bb7 12. Re1 O-O 13. e5 Nh7 14. Bc2 g6 15.
Bxh6 Re8 16. Re4 Ne7 17. Rg4 Nf5 18. Bg5 Nxg5 19. Nxg5 Nh6 20. Qh3 Kg7 21. Rg3
Qe7 22. Ne4 Rh8 23. Qh5 Nf5 24. Qg5 Qxg5 25. Rxg5 Rad8 26. Nf6 Ne7 27. Rd1 Nd5
28. Nxd5 Bxd5 29. f4 Rh4 30. f5 Be4 31. Bxe4 Rxe4 32. f6+ Kh6 33. Rg3 1/2-1/2

[Event "XVI. DBMM Schach"]
[Site "Dresden"]
[Date "2016.11.05"]
[Round "5.3"]
[White "Socher, Sabrina"]
[Black "Wolf, Wilfried"]
[Result "1/2-1/2"]
[WhiteElo "1565"]
[BlackElo "1584"]
[Annotator "br"]
[PlyCount "61"]
[EventDate "2016.11.??"]
[SourceTitle "XVI. DBMM 2016"]
[Source "FV Schach e.V."]
[SourceDate "2017.06.14"]
[SourceVersion "1"]
[SourceVersionDate "2017.06.14"]
[SourceQuality "1"]
[WhiteTeam "ADAC Muenchen II"]
[BlackTeam "BA Tempelhof Berlin III"]
[WhiteTeamCountry "GER"]
[BlackTeamCountry "GER"]

1. f4 d5 2. Nf3 Nc6 3. e3 e6 4. Be2 Bd6 5. O-O Nf6 6. d3 O-O 7. Nc3 a6 8. d4 b5
9. Bd3 Nb4 10. a3 Nxd3 11. cxd3 Bb7 12. Qe1 Rc8 13. b4 Nd7 14. Qh4 Qxh4 15.
Nxh4 Ra8 16. Bd2 Nb6 17. Nf3 Bc6 18. Ne5 Be8 19. Rfb1 f6 20. Nf3 Bg6 21. e4
dxe4 22. Nxe4 Bxe4 23. dxe4 Nc4 24. g3 Rfd8 25. Bc3 Be7 26. Kf2 Kf7 27. a4 c6
28. a5 h6 29. h4 f5 30. e5 Rg8 31. Rh1 1/2-1/2

[Event "XVI. DBMM Schach"]
[Site "Dresden"]
[Date "2016.11.05"]
[Round "5.4"]
[White "Mahler, Sonja"]
[Black "Zunk, Olaf"]
[Result "1-0"]
[WhiteElo "1553"]
[BlackElo "1347"]
[Annotator "br"]
[PlyCount "78"]
[EventDate "2016.11.??"]
[SourceTitle "XVI. DBMM 2016"]
[Source "FV Schach e.V."]
[SourceDate "2017.06.14"]
[SourceVersion "1"]
[SourceVersionDate "2017.06.14"]
[SourceQuality "1"]
[WhiteTeam "BA Tempelhof Berlin III"]
[BlackTeam "ADAC Muenchen II"]
[WhiteTeamCountry "GER"]
[BlackTeamCountry "GER"]

1. d4 b6 2. Bf4 Bb7 3. c4 e6 4. a3 Nf6 5. e3 d6 6. Nc3 Nbd7 7. Bg3 Be7 8. f3
Nh5 9. Bf2 f5 10. Nh3 g6 11. Ne2 Bf6 12. Qc2 Qe7 13. Rc1 O-O-O 14. Nc3 e5 15.
d5 Kb8 16. b4 Bg7 17. Qa4 e4 18. Na2 Nhf6 19. Nf4 Rhe8 20. Ne6 Rc8 21. Nd4 Ne5
22. f4 Nd3+ 23. Bxd3 exd3 24. Nc6+ Bxc6 25. dxc6 Qe4 26. O-O Ng4 27. Rce1 Qxc4
28. Rc1 Qe4 29. Qa6 Qxc6 30. Rxc6 d2 31. Rd1 Nxe3 32. Rxd2 Ng4 33. Bg3 Re3 34.
Rcxd6 Rce8 35. Rd1 Bb2 36. h3 Nh6 37. Kh2 Rxa3 38. Qc4 Re4 39. Rd8+ Kb7 1-0

[Event "XVI. DBMM Schach"]
[Site "Dresden"]
[Date "2016.11.05"]
[Round "5.1"]
[White "Hilbig, Olaf"]
[Black "Koerlin, Hans Juergen"]
[Result "1-0"]
[WhiteElo "2167"]
[BlackElo "1855"]
[Annotator "br"]
[PlyCount "45"]
[EventDate "2016.11.??"]
[SourceTitle "XVI. DBMM 2016"]
[Source "FV Schach e.V."]
[SourceDate "2017.06.14"]
[SourceVersion "1"]
[SourceVersionDate "2017.06.14"]
[SourceQuality "1"]
[WhiteTeam "Commerzbank Frankfurt II"]
[BlackTeam "BA Tempelhof Berlin II"]
[WhiteTeamCountry "GER"]
[BlackTeamCountry "GER"]

1. Nc3 d5 2. d4 c5 3. e4 Nf6 4. e5 cxd4 5. Qxd4 Nc6 6. Bb5 Nd7 7. Qxd5 Qc7 8.
Nf3 e6 9. Qe4 Bb4 10. Bd2 Ba5 11. O-O Nc5 12. Qg4 Bxc3 13. Bxc3 O-O 14. Bxc6
Qxc6 15. Rfe1 b6 16. Rad1 Bb7 17. Nd4 Qa4 18. b3 Qa6 19. a4 Rac8 20. Nb5 Bd5
21. Nd6 Nxa4 22. Bd2 Rxc2 23. Bh6 1-0

[Event "XVI. DBMM Schach"]
[Site "Dresden"]
[Date "2016.11.05"]
[Round "5.2"]
[White "Schmidt, Joerg"]
[Black "Lutterbey, Ralf"]
[Result "0-1"]
[WhiteElo "1736"]
[BlackElo "1903"]
[Annotator "br"]
[PlyCount "72"]
[EventDate "2016.11.??"]
[SourceTitle "XVI. DBMM 2016"]
[Source "FV Schach e.V."]
[SourceDate "2017.06.14"]
[SourceVersion "1"]
[SourceVersionDate "2017.06.14"]
[SourceQuality "1"]
[WhiteTeam "BA Tempelhof Berlin II"]
[BlackTeam "Commerzbank Frankfurt II"]
[WhiteTeamCountry "GER"]
[BlackTeamCountry "GER"]

1. e4 d5 2. exd5 Qxd5 3. Nc3 Qa5 4. d4 e5 5. Qh5 Nc6 6. d5 Nf6 7. Qd1 Nd4 8.
Bd2 Bf5 9. Bd3 Bxd3 10. cxd3 O-O-O 11. Nge2 Nxd5 12. Nxd4 exd4 13. Qg4+ Kb8 14.
Qxd4 Bc5 15. Qc4 Rhe8+ 16. Ne4 Bb4 17. O-O-O Bxd2+ 18. Rxd2 Nb6 19. Qc3 Qxa2
20. b3 Qa3+ 21. Kb1 Nd5 22. Qc4 Nb6 23. Qc3 Nd5 24. Qc4 Re6 25. Ra2 Qb4 26. Rc1
Qxc4 27. Rxc4 Nb6 28. Rc3 f5 29. Ng3 g6 30. Re2 Rxe2 31. Nxe2 c6 32. d4 Re8 33.
Rc2 Nd5 34. Kb2 Kc7 35. h4 Nb4 36. Rd2 Nd3+ 0-1